<?xml version="1.0" encoding="UTF-8"?>
<record
    xmlns:xsi="http://www.w3.org/2001/XMLSchema-instance"
    xsi:schemaLocation="http://www.loc.gov/MARC21/slim http://www.loc.gov/standards/marcxml/schema/MARC21slim.xsd"
    xmlns="http://www.loc.gov/MARC21/slim">

  <leader>00713nam a2200229 a 4500</leader>
  <controlfield tag="005">20230710131705.0</controlfield>
  <controlfield tag="008">220519b           ||||| |||| 00| 0 spa d</controlfield>
  <datafield tag="020" ind1=" " ind2=" ">
    <subfield code="a">978-950-553-122-6</subfield>
  </datafield>
  <datafield tag="041" ind1=" " ind2=" ">
    <subfield code="a">es</subfield>
  </datafield>
  <datafield tag="082" ind1="1" ind2="4">
    <subfield code="2">14</subfield>
    <subfield code="a">515</subfield>
  </datafield>
  <datafield tag="100" ind1="1" ind2=" ">
    <subfield code="a">Sadosky, Manuel</subfield>
    <subfield code="9">4455</subfield>
  </datafield>
  <datafield tag="245" ind1="1" ind2="0">
    <subfield code="a">Elementos de c&#xE1;lculo diferencial e integral /</subfield>
    <subfield code="c">Manuel Sadosky y Rebeca Ch. de Guber</subfield>
  </datafield>
  <datafield tag="250" ind1=" " ind2=" ">
    <subfield code="a">23a.ed.</subfield>
  </datafield>
  <datafield tag="260" ind1=" " ind2=" ">
    <subfield code="a">Buenos Aires :</subfield>
    <subfield code="b">Librer&#xED;a y Editorial Alsina,</subfield>
    <subfield code="c">2010.</subfield>
  </datafield>
  <datafield tag="300" ind1=" " ind2=" ">
    <subfield code="a">588 p.</subfield>
    <subfield code="b">anexo de 64p.</subfield>
  </datafield>
  <datafield tag="650" ind1="2" ind2="7">
    <subfield code="a">ALGEBRA</subfield>
    <subfield code="9">274</subfield>
    <subfield code="2">unescot</subfield>
  </datafield>
  <datafield tag="650" ind1="2" ind2="7">
    <subfield code="a">CALCULO</subfield>
    <subfield code="9">271</subfield>
    <subfield code="2">unescot</subfield>
  </datafield>
  <datafield tag="700" ind1="1" ind2=" ">
    <subfield code="9">14330</subfield>
    <subfield code="a">Guber, Rebeca Ch. de</subfield>
  </datafield>
  <datafield tag="942" ind1=" " ind2=" ">
    <subfield code="2">ddc</subfield>
    <subfield code="c">LIBRO</subfield>
  </datafield>
  <datafield tag="980" ind1=" " ind2=" ">
    <subfield code="6">19226</subfield>
    <subfield code="a"> Palaz&#xF3;n Marcela</subfield>
    <subfield code="8">2</subfield>
    <subfield code="g">Virginia Figueroa</subfield>
  </datafield>
  <datafield tag="999" ind1=" " ind2=" ">
    <subfield code="c">7598</subfield>
    <subfield code="d">7598</subfield>
  </datafield>
  <datafield tag="653" ind1=" " ind2=" ">
    <subfield code="a">IIyA</subfield>
  </datafield>
  <datafield tag="952" ind1=" " ind2=" ">
    <subfield code="0">0</subfield>
    <subfield code="1">0</subfield>
    <subfield code="2">ddc</subfield>
    <subfield code="4">0</subfield>
    <subfield code="7">1</subfield>
    <subfield code="a">UNAJ</subfield>
    <subfield code="b">UNAJ</subfield>
    <subfield code="d">2022-05-19</subfield>
    <subfield code="l">1</subfield>
    <subfield code="o">515 SAD 23a.ed.</subfield>
    <subfield code="p">UNAJ22050028</subfield>
    <subfield code="r">2025-03-17 00:00:00</subfield>
    <subfield code="s">2023-04-24</subfield>
    <subfield code="t">1</subfield>
    <subfield code="w">2022-05-19</subfield>
    <subfield code="y">LIBRO</subfield>
  </datafield>
  <datafield tag="952" ind1=" " ind2=" ">
    <subfield code="0">0</subfield>
    <subfield code="1">0</subfield>
    <subfield code="2">ddc</subfield>
    <subfield code="4">0</subfield>
    <subfield code="7">0</subfield>
    <subfield code="a">UNAJ</subfield>
    <subfield code="b">UNAJ</subfield>
    <subfield code="d">2022-05-19</subfield>
    <subfield code="l">3</subfield>
    <subfield code="m">1</subfield>
    <subfield code="o">515 SAD 23a.ed.</subfield>
    <subfield code="p">UNAJ22050029</subfield>
    <subfield code="r">2025-07-29 00:00:00</subfield>
    <subfield code="s">2025-06-26</subfield>
    <subfield code="t">2</subfield>
    <subfield code="w">2022-05-19</subfield>
    <subfield code="y">LIBRO</subfield>
  </datafield>
  <datafield tag="952" ind1=" " ind2=" ">
    <subfield code="0">0</subfield>
    <subfield code="1">0</subfield>
    <subfield code="2">ddc</subfield>
    <subfield code="4">0</subfield>
    <subfield code="7">0</subfield>
    <subfield code="a">UNAJ</subfield>
    <subfield code="b">UNAJ</subfield>
    <subfield code="d">2022-05-19</subfield>
    <subfield code="o">515 SAD 23a.ed.</subfield>
    <subfield code="p">UNAJ22050031</subfield>
    <subfield code="r">2025-03-17 00:00:00</subfield>
    <subfield code="t">3</subfield>
    <subfield code="w">2022-05-19</subfield>
    <subfield code="y">LIBRO</subfield>
  </datafield>
  <datafield tag="952" ind1=" " ind2=" ">
    <subfield code="0">0</subfield>
    <subfield code="1">0</subfield>
    <subfield code="2">ddc</subfield>
    <subfield code="4">0</subfield>
    <subfield code="7">0</subfield>
    <subfield code="a">UNAJ</subfield>
    <subfield code="b">UNAJ</subfield>
    <subfield code="d">2022-05-19</subfield>
    <subfield code="o">515 SAD 23a.ed.</subfield>
    <subfield code="p">UNAJ22050030</subfield>
    <subfield code="r">2025-03-17 00:00:00</subfield>
    <subfield code="t">4</subfield>
    <subfield code="w">2022-05-19</subfield>
    <subfield code="y">LIBRO</subfield>
  </datafield>
  <datafield tag="952" ind1=" " ind2=" ">
    <subfield code="0">0</subfield>
    <subfield code="1">0</subfield>
    <subfield code="2">ddc</subfield>
    <subfield code="4">0</subfield>
    <subfield code="7">0</subfield>
    <subfield code="a">UNAJ</subfield>
    <subfield code="b">UNAJ</subfield>
    <subfield code="d">2022-05-19</subfield>
    <subfield code="o">515 SAD 23a.ed.</subfield>
    <subfield code="p">UNAJ22050032</subfield>
    <subfield code="r">2025-03-17 00:00:00</subfield>
    <subfield code="t">5</subfield>
    <subfield code="w">2022-05-19</subfield>
    <subfield code="y">LIBRO</subfield>
  </datafield>
  <datafield tag="952" ind1=" " ind2=" ">
    <subfield code="0">0</subfield>
    <subfield code="1">0</subfield>
    <subfield code="2">ddc</subfield>
    <subfield code="4">0</subfield>
    <subfield code="7">0</subfield>
    <subfield code="a">UNAJ</subfield>
    <subfield code="b">UNAJ</subfield>
    <subfield code="d">2022-05-19</subfield>
    <subfield code="l">5</subfield>
    <subfield code="m">10</subfield>
    <subfield code="o">515 SAD 23a.ed.</subfield>
    <subfield code="p">UNAJ22050033</subfield>
    <subfield code="r">2025-10-28 00:00:00</subfield>
    <subfield code="s">2025-09-16</subfield>
    <subfield code="t">6</subfield>
    <subfield code="w">2022-05-19</subfield>
    <subfield code="y">LIBRO</subfield>
  </datafield>
  <datafield tag="952" ind1=" " ind2=" ">
    <subfield code="0">0</subfield>
    <subfield code="1">0</subfield>
    <subfield code="2">ddc</subfield>
    <subfield code="4">0</subfield>
    <subfield code="7">0</subfield>
    <subfield code="a">UNAJ</subfield>
    <subfield code="b">UNAJ</subfield>
    <subfield code="d">2022-05-19</subfield>
    <subfield code="l">10</subfield>
    <subfield code="m">16</subfield>
    <subfield code="o">515 SAD 23a.ed.</subfield>
    <subfield code="p">UNAJ22050034</subfield>
    <subfield code="r">2025-08-14 00:00:00</subfield>
    <subfield code="s">2025-06-30</subfield>
    <subfield code="t">7</subfield>
    <subfield code="w">2022-05-19</subfield>
    <subfield code="y">LIBRO</subfield>
  </datafield>
  <datafield tag="952" ind1=" " ind2=" ">
    <subfield code="0">0</subfield>
    <subfield code="1">0</subfield>
    <subfield code="2">ddc</subfield>
    <subfield code="4">0</subfield>
    <subfield code="7">2</subfield>
    <subfield code="a">UNAJ</subfield>
    <subfield code="b">UNAJ</subfield>
    <subfield code="d">2022-07-01</subfield>
    <subfield code="l">0</subfield>
    <subfield code="o">515 SADt 23a.ed.</subfield>
    <subfield code="p">UNAJ22050036</subfield>
    <subfield code="r">2025-03-17 00:00:00</subfield>
    <subfield code="t">1</subfield>
    <subfield code="w">2022-07-01</subfield>
    <subfield code="y">LIBRO</subfield>
  </datafield>
  <datafield tag="952" ind1=" " ind2=" ">
    <subfield code="0">0</subfield>
    <subfield code="1">0</subfield>
    <subfield code="2">ddc</subfield>
    <subfield code="4">0</subfield>
    <subfield code="7">0</subfield>
    <subfield code="a">UNAJ</subfield>
    <subfield code="b">UNAJ</subfield>
    <subfield code="d">2022-07-01</subfield>
    <subfield code="o">515 SADt 23a.ed.</subfield>
    <subfield code="p">UNAJ22050037</subfield>
    <subfield code="r">2025-03-17 00:00:00</subfield>
    <subfield code="t">2</subfield>
    <subfield code="w">2022-07-01</subfield>
    <subfield code="y">LIBRO</subfield>
  </datafield>
  <datafield tag="952" ind1=" " ind2=" ">
    <subfield code="0">0</subfield>
    <subfield code="1">0</subfield>
    <subfield code="2">ddc</subfield>
    <subfield code="4">0</subfield>
    <subfield code="7">0</subfield>
    <subfield code="a">UNAJ</subfield>
    <subfield code="b">UNAJ</subfield>
    <subfield code="d">2022-07-01</subfield>
    <subfield code="o">515 SADt 23a.ed.</subfield>
    <subfield code="p">UNAJ22050038</subfield>
    <subfield code="r">2025-03-17 00:00:00</subfield>
    <subfield code="t">3</subfield>
    <subfield code="w">2022-07-01</subfield>
    <subfield code="y">LIBRO</subfield>
  </datafield>
  <datafield tag="952" ind1=" " ind2=" ">
    <subfield code="0">0</subfield>
    <subfield code="1">0</subfield>
    <subfield code="2">ddc</subfield>
    <subfield code="4">0</subfield>
    <subfield code="7">0</subfield>
    <subfield code="a">UNAJ</subfield>
    <subfield code="b">UNAJ</subfield>
    <subfield code="d">2022-07-01</subfield>
    <subfield code="l">2</subfield>
    <subfield code="m">6</subfield>
    <subfield code="o">515 SADt 23a.ed.</subfield>
    <subfield code="p">UNAJ22050039</subfield>
    <subfield code="r">2025-03-17 00:00:00</subfield>
    <subfield code="s">2024-06-04</subfield>
    <subfield code="t">4</subfield>
    <subfield code="w">2022-07-01</subfield>
    <subfield code="y">LIBRO</subfield>
  </datafield>
  <datafield tag="952" ind1=" " ind2=" ">
    <subfield code="0">0</subfield>
    <subfield code="1">0</subfield>
    <subfield code="2">ddc</subfield>
    <subfield code="4">0</subfield>
    <subfield code="7">0</subfield>
    <subfield code="a">UNAJ</subfield>
    <subfield code="b">UNAJ</subfield>
    <subfield code="d">2022-07-01</subfield>
    <subfield code="o">515 SADt 23a.ed.</subfield>
    <subfield code="p">UNAJ22050040</subfield>
    <subfield code="r">2025-03-17 00:00:00</subfield>
    <subfield code="t">5</subfield>
    <subfield code="w">2022-07-01</subfield>
    <subfield code="y">LIBRO</subfield>
  </datafield>
  <datafield tag="952" ind1=" " ind2=" ">
    <subfield code="0">0</subfield>
    <subfield code="1">0</subfield>
    <subfield code="2">ddc</subfield>
    <subfield code="4">0</subfield>
    <subfield code="7">0</subfield>
    <subfield code="a">UNAJ</subfield>
    <subfield code="b">UNAJ</subfield>
    <subfield code="d">2022-07-01</subfield>
    <subfield code="l">1</subfield>
    <subfield code="o">515 SADt 23a.ed.</subfield>
    <subfield code="p">UNAJ22050041</subfield>
    <subfield code="r">2025-03-19 00:00:00</subfield>
    <subfield code="s">2024-11-28</subfield>
    <subfield code="t">6</subfield>
    <subfield code="w">2022-07-01</subfield>
    <subfield code="y">LIBRO</subfield>
  </datafield>
  <datafield tag="952" ind1=" " ind2=" ">
    <subfield code="0">0</subfield>
    <subfield code="1">0</subfield>
    <subfield code="2">ddc</subfield>
    <subfield code="4">0</subfield>
    <subfield code="7">0</subfield>
    <subfield code="a">UNAJ</subfield>
    <subfield code="b">UNAJ</subfield>
    <subfield code="d">2022-07-01</subfield>
    <subfield code="o">515 SADt 23a.ed.</subfield>
    <subfield code="p">UNAJ22050053</subfield>
    <subfield code="r">2025-03-17 00:00:00</subfield>
    <subfield code="t">7</subfield>
    <subfield code="w">2022-07-01</subfield>
    <subfield code="y">LIBRO</subfield>
  </datafield>
</record>
